Privreda Jugoslavije 1947-1977

Bibliographic Details
Main Author: Bjelogrlić, Dušan (Author)
Format: Book
Language:Croatian
PhysicalDescription:273 s. 8°
Published: Beograd Privredni pregled 1978

MARC

LEADER 00000nam a2200000 a 4500
001 vtls001333758
003 SK-MaSNL
005 20260301160309.0
008 240422s1978 YU 0 hrv
035 |a SNK000286683 
040 |a SNK  |b slo  |c SNK  |e AACR2 
044 |a YU 
245 1 |a Privreda Jugoslavije 1947-1977  |c autor: Dušan Bjelogrlić 
260 |a Beograd  |b Privredni pregled  |c 1978 
300 |a 273 s.  |c 8° 
700 1 |a Bjelogrlić, Dušan  |4 aut  |9 385437 
958 |a OND 
999 |c 804839  |d 806769 
952 |t P60, <04>, [BOOK], {604}  |a SNK  |b SNK  |y VYP  |7 0  |o snkIC 77796  |i snkV 2942/79  |0 0  |1 0  |4 0  |d 1998-06-09  |l 0  |r 2005-01-02 00:00:00  |w 2026-02-24